000186384 001__ 186384
000186384 005__ 20230317222149.0
000186384 020__ $$a978-0-7354-0768-8
000186384 0247_ $$2doi$$a10.1063/1.3431468
000186384 0247_ $$2WOS$$aWOS:000287119000065
000186384 037__ $$aGSI-2016-00882
000186384 041__ $$aEnglish
000186384 082__ $$a539.7/232
000186384 1001_ $$0P:(DE-HGF)0$$aSmorra, C.$$b0
000186384 1112_ $$aINTERNATIONAL SYMPOSIUM ON EXOTIC NUCLEI$$cSochi (Russia)$$d2009-09-28 - 2009-10-02$$wRussia
000186384 245__ $$aHigh-Precision Mass Measurements At TRIGA-TRAP
000186384 260__ $$aMelville, NY$$bAmerican Inst. of Physics$$c2010
000186384 29510 $$aInternational Symposium on Exotic Nuclei : Sochi, Russia, 28 September - 2 October 2009 ; EXON 2009 / Penionžkevič, Yu. E. , Melville, NY : American Inst. of Physics, 2010,
000186384 300__ $$a9
000186384 3367_ $$033$$2EndNote$$aConference Paper
000186384 3367_ $$2DRIVER$$aconferenceObject
000186384 3367_ $$0PUB:(DE-HGF)8$$2PUB:(DE-HGF)$$aContribution to a conference proceedings$$bcontrib$$mcontrib$$s1459508358_15011
000186384 3367_ $$2BibTeX$$aINPROCEEDINGS
000186384 4900_ $$aAIP conference proceedings$$v1224
000186384 500__ $$aSponsoring organizations: The Flerov Laboratory of Nuclear Reactions JINR (Russia) ...; English
000186384 536__ $$0G:(DE-HGF)POF3-899$$a899 - ohne Topic (POF3-899)$$cPOF3-899$$fPOF III$$x0
000186384 588__ $$aDataset connected to CrossRef Conference
000186384 650_7 $$0(DE-588)4655170-0$$2gnd$$aExotischer Kern
000186384 7001_ $$0P:(DE-HGF)0$$aBeyer, T.$$b1
000186384 7001_ $$0P:(DE-Ds200)BUDP1-0027$$aBlaum, K.$$b2$$ugsi
000186384 7001_ $$0P:(DE-Ds200)OR0128$$aBlock, M.$$b3$$ugsi
000186384 7001_ $$0P:(DE-HGF)0$$aEberhardt, K.$$b4
000186384 7001_ $$0P:(DE-HGF)0$$aEibach, M.$$b5
000186384 7001_ $$0P:(DE-Ds200)OR0461$$aHerfurth, F.$$b6$$ugsi
000186384 7001_ $$0P:(DE-HGF)0$$aKetelaer, J.$$b7
000186384 7001_ $$0P:(DE-HGF)0$$aKnuth, K.$$b8
000186384 7001_ $$0P:(DE-Ds200)OR0892$$aNörtershäuser, W.$$b9$$ugsi
000186384 7001_ $$0P:(DE-HGF)0$$aNagy, Sz.$$b10
000186384 7001_ $$0P:(DE-HGF)0$$aPenionzhkevich, Yu. E.$$b11
000186384 7001_ $$0P:(DE-HGF)0$$aLukyanov, S. M.$$b12
000186384 773__ $$a10.1063/1.3431468
000186384 8564_ $$uhttp://www.gbv.de/dms/tib-ub-hannover/632071613.pdf
000186384 909CO $$ooai:repository.gsi.de:186384$$pVDB
000186384 9101_ $$0I:(DE-Ds200)20121206GSI$$6P:(DE-Ds200)BUDP1-0027$$aGSI Helmholtzzentrum für Schwerionenforschung GmbH$$b2$$kGSI
000186384 9101_ $$0I:(DE-Ds200)20121206GSI$$6P:(DE-Ds200)OR0128$$aGSI Helmholtzzentrum für Schwerionenforschung GmbH$$b3$$kGSI
000186384 9101_ $$0I:(DE-Ds200)20121206GSI$$6P:(DE-Ds200)OR0461$$aGSI Helmholtzzentrum für Schwerionenforschung GmbH$$b6$$kGSI
000186384 9101_ $$0I:(DE-Ds200)20121206GSI$$6P:(DE-Ds200)OR0892$$aGSI Helmholtzzentrum für Schwerionenforschung GmbH$$b9$$kGSI
000186384 9131_ $$0G:(DE-HGF)POF3-899$$1G:(DE-HGF)POF3-890$$2G:(DE-HGF)POF3-800$$3G:(DE-HGF)POF3$$4G:(DE-HGF)POF$$aDE-HGF$$bProgrammungebundene Forschung$$lohne Programm$$vohne Topic$$x0
000186384 9141_ $$y2010
000186384 920__ $$lyes
000186384 9201_ $$0I:(DE-Ds200)HIM-20110223OR116$$kHIM$$lHI Mainz$$x0
000186384 9201_ $$0I:(DE-Ds200)ATP-20051214OR020$$kATP$$lAtomphysik$$x1
000186384 9201_ $$0I:(DE-Ds200)SHP-20080822OR107$$kSHP$$lSHE Physik$$x2
000186384 980__ $$acontrib
000186384 980__ $$aVDB
000186384 980__ $$aI:(DE-Ds200)20120319OR116
000186384 980__ $$aI:(DE-Ds200)HIM-20110223OR116
000186384 980__ $$aI:(DE-Ds200)20110830OR020
000186384 980__ $$aI:(DE-Ds200)ATP-20051214OR020
000186384 980__ $$aI:(DE-Ds200)20110830OR107
000186384 980__ $$aI:(DE-Ds200)SHP-20080822OR107
000186384 980__ $$aUNRESTRICTED